000 00335nam a22001457a 4500
008 230207b ||||| |||| 00| 0 eng d
020 _a9780534382124
041 _aeng
080 _2FIFTH EDITION
_a51
082 _a51SWO
100 _a20
101 _aMATEM
245 _aCALCULUS THE CLASSIC EDITION
_cSWOKOWSKI
942 _2udc
_cBK
999 _c59330
_d59330